1394 1933 1195 1482 1728 1202 1646 1907 1928 1602 1704 1388 1045 1948 1848 1375 1300 1950 1515 1878 1093 1477 1102 1465 1469 1364 1623 1683 1059 1035 1795 1149 1719 1591 1530 1477 1549 1362 1338 1682 1895 1982 1798 1186 1295 1765 1632 1184 1013 1585 1245 1166 1016 1446 1357 1161 1172 1770 1807 1828 1177 1191 1505 1160 1151 1061 1808 1191 1758 1178 1764 1367 1482 1907 1093 1391 1325 1079 1958 1349 1986 1506 1640 1617 1333 1513 1134 1034 1017 1907 1675 1381 1880 1832 1701 1947 1593 1479 1149 BCNSPRNW ULIB Ver.6.0+V

เปลี่ยนเป็นภาษาไทย

Change to English
 แสดงรายละเอียดบรรณานุกรม
  กลับหน้าหลัก

Brief Record : Get Marc (ISO 2709) : E-mail record : QR code < ปิดหน้าต่าง
LEADER : 00000nam 2200000uu 4500
001    13399111636
003     ULIB
008    110704s||||||||th 000 0 tha d
050 04 BQ4570^bส664ว 2550
100 0  สายหยุด ธีรพัฒนกุล
245 10 วิธีปฏิบัติธรรมในชีวิตประจำวัน /^cสายหยุด ธีรพัฒนกุล
260    เพชบูรณ์ :^bทวีการพิมพ์,^c2550
300    59 หน้า
650  7 ธรรมะ
945    ^p0^l0^i021907
995    ทศพร
999 ^a ใช้งานได้ทุกระบบ
รายการนี้ยังไม่มีแท็ก
คุณยังไม่ได้ล็อกอิน คุณสามารถมีกิจกรรมร่วมกับเว็บไซต์ได้ แต่ต้องล็อกอินก่อน ::
  ล็อกอิน

รายการสื่อสารสนเทศ

ลำดับที่ ประเภท เลขเรียก/บาร์โค้ด สถานที่ สถานะ
- ไม่พบข้อมูล -

รายการใกล้เคียง
    หัวเรื่อง [ธรรมะ]

BibComment


ยังไม่เคยถูกคอมเมนท์

คอมเมนท์ทรัพยากรรายการนี้
  คอมเมนท์: วิธีปฏิบัติธรรมใน..


 Copyright 2026. Bcnsprnw @Library